[Event "Birjand to mark the week Sport N1 1395"]
[White "Akhoondi, Mohammad Reza"]
[Black "Mashreghi Moghaddam, Milad"]
[Site "Birjand"]
[Round "9.1"]
[Result "0-1"]
[Date "2016.10.21"]
[WhiteElo "1271"]
[BlackElo "1909"]
[PlyCount "76"]
[EventDate "2016.10.16"]
[EventType "tourn"]
[EventRounds "9"]
[EventCountry "IRI"]
[SourceTitle "EXT 2024"]
[Source "ChessBase"]
[SourceDate "2023.10.10"]
[SourceVersion "1"]
[SourceVersionDate "2023.10.10"]
[SourceQuality "1"]

1. d4 c5 2. c3 e6 3. Nf3 d5 4. Bf4 Nf6 5. Nbd2 cxd4 6. cxd4 Bd6 7. Bxd6 Qxd6 8. Nb3 0-0 9. e3 Nc6 10. Be2 e5 11. Nxe5 Nxe5 12. dxe5 Qxe5 13. 0-0 Qxb2 14. Bf3 Bf5 15. Nd4 Bg6 16. Qc1 Qxc1 17. Rfxc1 Rac8 18. Rxc8 Rxc8 19. Nb5 a6 20. Nd6 Rc7 21. Rd1 Kf8 22. g4 Rd7 23. Nf5 Bxf5 24. gxf5 Ke7 25. Kg2 Kd6 26. Kg3 Ke5 27. h4 Kxf5 28. Bg2 Ne4+ 29. Kf3 Ke5 30. Bh3 Rd6 31. Bc8 Rf6+ 32. Kg4 Nxf2+ 33. Kg3 Nxd1 34. Bxb7 Nxe3 35. Bxa6 Rxa6 36. Kf3 d4 37. Ke2 Rxa2+ 38. Kd3 Ra3+ 0-1

[Event "Birjand to mark the week Sport N1 1395"]
[White "Akhoondi, Mohammad Reza"]
[Black "Niksima, Ahmad"]
[Site "Birjand"]
[Round "3.4"]
[Result "0-1"]
[Date "2016.10.17"]
[WhiteElo "1271"]
[BlackElo "1632"]
[PlyCount "68"]
[EventDate "2016.10.16"]
[EventType "tourn"]
[EventRounds "9"]
[EventCountry "IRI"]
[SourceTitle "EXT 2024"]
[Source "ChessBase"]
[SourceDate "2023.10.10"]
[SourceVersion "1"]
[SourceVersionDate "2023.10.10"]
[SourceQuality "1"]

1. d4 e5 2. e3 e4 3. Nc3 d5 4. Be2 Bb4 5. Bd2 Bxc3 6. Bxc3 Nf6 7. b3 0-0 8. Bb2 Bf5 9. c4 c6 10. Qd2 Nbd7 11. c5 b6 12. b4 a5 13. a3 axb4 14. Qxb4 bxc5 15. dxc5 Rb8 16. Qc3 Nxc5 17. Qxc5 Rxb2 18. Qxc6 Qa5+ 19. Kf1 Rc8 20. Qb5 Qxa3 21. Qxb2 Qxb2 22. Re1 Rc1 23. g3 Rxe1+ 24. Kxe1 Qc1+ 25. Bd1 Bg4 26. Ne2 Bxe2 27. Kxe2 Qc4+ 28. Ke1 Nd7 29. h4 Ne5 30. f3 Nxf3+ 31. Bxf3 exf3 32. Rh2 Qc1+ 33. Kf2 Qd2+ 34. Kg1 Qe1# 0-1